| Tag |
First Indicator |
Second Indicator |
Subfields |
| LEADER |
00000cam a2200000 a 4500 |
| 001 |
in00001407582 |
| 005 |
20151020062233.0 |
| 008 |
850621s1983 enkaf b 001 0ceng |
| 010 |
|
|
|a 85169470
|
| 015 |
|
|
|a GB84-38916
|
| 019 |
|
|
|a 10803572
|a 10857407
|
| 020 |
|
|
|a 0729301613 :
|c £19.60
|
| 035 |
|
|
|a (OCoLC)13216980
|
| 035 |
|
|
|9 AHP1033AM
|
| 040 |
|
|
|a DLC
|c DLC
|d UKM
|d TXA
|d UtOrBLW
|
| 041 |
0 |
|
|a eng
|b spa
|
| 043 |
|
|
|a e-it---
|a e-sp---
|
| 049 |
|
|
|a TXAM
|
| 050 |
0 |
0 |
|a PQ6279.B54
|b Z65 1983
|
| 082 |
0 |
0 |
|a 861/.3
|a B
|2 19
|
| 100 |
1 |
|
|a Dadson, Trevor J.
|
| 245 |
1 |
4 |
|a The Genoese in Spain :
|b Gabriel Bocángel y Unzueta, 1603-1658 : a biography /
|c Trevor J. Dadson.
|
| 264 |
|
1 |
|a London :
|b Támesis Books,
|c [1983]
|
| 264 |
|
4 |
|c ©1983
|
| 300 |
|
|
|a xiii, 192 pages, 1 unnumbered leaf of plates :
|b illustrations ;
|c 25 cm.
|
| 336 |
|
|
|a text
|b txt
|2 rdacontent
|
| 337 |
|
|
|a unmediated
|b n
|2 rdamedia
|
| 338 |
|
|
|a volume
|b nc
|2 rdacarrier
|
| 490 |
1 |
|
|a Colección Támesis. Serie A, Monografias ;
|v 97
|
| 500 |
|
|
|a Includes documents in Spanish.
|
| 504 |
|
|
|a Bibliography: pages 179-187.
|
| 500 |
|
|
|a Includes indexes.
|
| 600 |
1 |
0 |
|a Bocángel, Gabriel,
|d approximately 1608-approximately 1658
|x Family.
|
| 600 |
3 |
0 |
|a Bocángel family.
|
| 650 |
|
0 |
|a Poets, Spanish
|y Classical period, 1500-1700
|x Biography.
|
| 600 |
3 |
4 |
|a Bocángel (Family)
|
| 653 |
|
|
|a Spain
|a Bocángel (Family), ca 1510-1658 - Biographies
|
| 830 |
|
0 |
|a Colección Támesis.
|n Serie A,
|p Monografías ;
|v 97.
|
| 948 |
|
|
|a c:rd
|
| 999 |
|
|
|a MARS
|
| 999 |
f |
f |
|s a62c4d46-a8e1-3d7b-be22-b9674efc7bc7
|i d7782181-6998-3340-9fd0-02d986813e52
|t 0
|
| 952 |
f |
f |
|p ric
|a Texas A&M University
|b Rellis Campus
|c Joint Library Facility
|d Remote Storage
|t 0
|e PQ6279.B54 Z65 1983
|h Library of Congress classification
|i unmediated -- volume
|m A14823383686
|
| 998 |
f |
f |
|a PQ6279.B54 Z65 1983
|t 0
|l Remote Storage
|